| 000 | 00434nam a2200181Ia 4500 | ||
|---|---|---|---|
| 001 | 20375 | ||
| 005 | 20260306172801.0 | ||
| 008 | 260306t2016||||xx |||||||||||||| ||spa|| | ||
| 041 | _aESP | ||
| 082 |
_a343.2 _bV66 |
||
| 100 |
_aVillarán, Luis Felipe _eAUT |
||
| 245 | 0 | _aLa constitución peruana comentada | |
| 260 | _c2016 | ||
| 300 |
_a486 páginas : _c23 cm. |
||
| 650 | _aGEN | ||
| 654 | _aCDE | ||
| 942 |
_cLIB _dJUS _fJUS _2ddc _n |
||
| 999 |
_c20375 _d20375 |
||